LIBRARY & INFORMATION CENTRE, KCAET, TAVANUR

ONLINE PUBLIC ACCESS CATALOGUE (OPAC)

Smaranayathra / (Record no. 4233)

MARC details
000 -LEADER
fixed length control field 00432cam a2200169ua 4500
041 ## - LANGUAGE CODE
Language code of text/sound track or separate title mal
082 ## - DEWEY DECIMAL CLASSIFICATION NUMBER
Classification number 894.812308
Item number KAK/SM
100 ## - MAIN ENTRY--AUTHOR NAME
Personal name Kalelkar, Kaka Saheb .
245 ## - TITLE STATEMENT
Title Smaranayathra /
260 ## - PUBLICATION, DISTRIBUTION, ETC. (IMPRINT)
Place of publication Thrissur :
Name of publisher The Mangalodayam Pvt Ltd ,
Year of publication 1967.
300 ## - PHYSICAL DESCRIPTION
Number of Pages 450 ; .
942 ## - ADDED ENTRY ELEMENTS (KOHA)
Koha item type Books
Holdings
Withdrawn status Lost status Damaged status Home library Current library Date acquired Full call number Accession Number Koha item type
Withdrawn     KAUAET Malayalam University 07/04/2012 894.812308 10670 Books
free website counter